[Event "DRUGA LIGA SRBIJE-GRUPA VOJVODINA-2019."]
[Site "Kovacica"]
[Date "2019.11.06"]
[Round "8.2"]
[White "Joksimovic, Dragoljub"]
[Black "Varadi, Laszlo"]
[Result "1-0"]
[WhiteElo "2138"]
[BlackElo "2043"]
[PlyCount "91"]
[EventDate "2019.11.01"]
[WhiteTeam "SK Bata Cosic Opovo"]
[BlackTeam "SK Senta Senta"]

1. c4 Nf6 2. Nc3 g6 3. g3 d5 4. d4 Bg7 5. Bg2 c6 6. Nf3 O-O 7. O-O Nbd7 8. a4
Re8 9. a5 Ne4 10. Qb3 Ndf6 11. Rd1 dxc4 12. Qxc4 Nd6 13. Qb4 Nd5 14. Qc5 Nxc3
15. bxc3 Bf5 16. Bf4 h6 17. Nd2 Qc8 18. a6 Bh3 19. Bf3 Bd7 20. Bxd6 b6 21. Qa3
exd6 22. Qxd6 Bf8 23. Qf6 Bg7 24. Qh4 g5 25. Qh5 g4 26. Ne4 gxf3 27. Nd6 Qd8
28. Qxf7+ Kh7 29. Nxe8 Bxe8 30. Qxf3 Qd5 31. e4 Bh5 32. g4 Qg5 33. h3 Rf8 34.
Qg2 Bg6 35. Re1 c5 36. Rad1 Rd8 37. e5 Bc2 38. Rc1 Bd3 39. Qg3 Bxa6 40. Ra1 Qd2
41. Qe3 Qd3 42. Qxd3+ Bxd3 43. Rxa7 cxd4 44. cxd4 Rxd4 45. e6 Rd8 46. Rd7 1-0

[Event "DRUGA LIGA SRBIJE-GRUPA VOJVODINA-2019."]
[Site "Kovacica"]
[Date "2019.11.06"]
[Round "8.3"]
[White "Delchev, Aleksander"]
[Black "Bokros, Albert"]
[Result "1/2-1/2"]
[WhiteElo "2561"]
[BlackElo "2471"]
[PlyCount "30"]
[EventDate "2019.11.01"]
[WhiteTeam "SK Mladost Nova Pazova"]
[BlackTeam "SK Krajina Krajisnik"]

1. e4 c5 2. Nf3 e6 3. d4 cxd4 4. Nxd4 Nf6 5. Nc3 Nc6 6. Nxc6 bxc6 7. e5 Nd5 8.
Ne4 Qc7 9. f4 Qb6 10. c4 Bb4+ 11. Ke2 f5 12. exf6 Nxf6 13. Nd6+ Bxd6 14. Qxd6
Bb7 15. Qe5 c5 1/2-1/2

[Event "DRUGA LIGA SRBIJE-GRUPA VOJVODINA-2019."]
[Site "Kovacica"]
[Date "2019.11.06"]
[Round "8.3"]
[White "Robulj, Nenad"]
[Black "Vlatkovic, Sinisa"]
[Result "1/2-1/2"]
[WhiteElo "2286"]
[BlackElo "2290"]
[PlyCount "58"]
[EventDate "2019.11.01"]
[WhiteTeam "SK Krajina Krajisnik"]
[BlackTeam "SK Mladost Nova Pazova"]

1. e4 d6 2. d4 Nf6 3. Nc3 e5 4. Nf3 Nbd7 5. Bc4 Be7 6. O-O O-O 7. a4 c6 8. Re1
b6 9. b3 Bb7 10. Ba3 a6 11. d5 c5 12. Bc1 Bc8 13. g3 Ne8 14. h4 Ndf6 15. Nh2 h5
16. f3 Nh7 17. Be3 g6 18. Qe2 f5 19. exf5 gxf5 20. f4 e4 21. Qxh5 Bf6 22. Bd2
Bd4+ 23. Kh1 Qf6 24. Nxe4 fxe4 25. Rac1 Ng7 26. Qe2 Nf5 27. Nf1 e3 28. Bxe3
Bxe3 29. Rcd1 Kh8 1/2-1/2

[Event "DRUGA LIGA SRBIJE-GRUPA VOJVODINA-2019."]
[Site "Kovacica"]
[Date "2019.11.06"]
[Round "8.3"]
[White "Grcic, Vukasin"]
[Black "Levnajic, Pavle"]
[Result "1-0"]
[WhiteElo "2125"]
[BlackElo "2217"]
[PlyCount "83"]
[EventDate "2019.11.01"]
[WhiteTeam "SK Mladost Nova Pazova"]
[BlackTeam "SK Krajina Krajisnik"]

1. e4 Nf6 2. Nc3 d5 3. e5 d4 4. exf6 dxc3 5. fxg7 cxd2+ 6. Qxd2 Qxd2+ 7. Bxd2
Bxg7 8. O-O-O Bf5 9. Bf4 Nd7 10. Bd3 Bxd3 11. Rxd3 O-O-O 12. Ne2 e5 13. Be3 Nf6
14. Rxd8+ Rxd8 15. Rd1 Ng4 16. Rxd8+ Kxd8 17. h3 Nxe3 18. fxe3 Bh6 19. Kd2 Ke7
20. g4 Kf6 21. h4 Ke6 22. Ng3 Kd5 23. Kd3 Bf8 24. e4+ Kc5 25. Nf5 b5 26. Ne3 c6
27. a3 a5 28. b3 Kb6 29. a4 Kc5 30. c3 Be7 31. Nf5 Bf8 32. g5 Kb6 33. Ne3 Kc5
34. Ng4 Bg7 35. h5 Kd6 36. h6 Bh8 37. Kc2 Ke6 38. b4 bxa4 39. bxa5 Kd6 40. Kb2
Kc5 41. c4 f5 42. gxf6 1-0

[Event "DRUGA LIGA SRBIJE-GRUPA VOJVODINA-2019."]
[Site "Kovacica"]
[Date "2019.11.06"]
[Round "8.3"]
[White "Strbac, Mladen"]
[Black "Stankovic, Milos M"]
[Result "1/2-1/2"]
[WhiteElo "2292"]
[BlackElo "1944"]
[PlyCount "58"]
[EventDate "2019.11.01"]
[WhiteTeam "SK Krajina Krajisnik"]
[BlackTeam "SK Mladost Nova Pazova"]

1. e4 g6 2. d4 Bg7 3. Nc3 d6 4. f4 Nf6 5. Bd3 O-O 6. Nf3 c5 7. dxc5 dxc5 8. e5
Nd5 9. Nxd5 Qxd5 10. Qe2 Bf5 11. Bc4 Qe4 12. Be3 Nc6 13. Ng5 Qxc2 14. Qxc2 Bxc2
15. Rc1 Bf5 16. Bxc5 h6 17. Nf3 Rfd8 18. Bb5 e6 19. Bxc6 bxc6 20. Kf2 Be4 21.
Rhd1 Bf8 22. Rxd8 Rxd8 23. Ke3 Bd5 24. b3 a5 25. Bxf8 Kxf8 26. Rc5 Ra8 27. g3
a4 28. Nd4 axb3 29. axb3 Rb8 1/2-1/2

[Event "DRUGA LIGA SRBIJE-GRUPA VOJVODINA-2019."]
[Site "Kovacica"]
[Date "2019.11.06"]
[Round "8.3"]
[White "Stamenkovic, Aleksandar"]
[Black "Perisic, Radivoj"]
[Result "1/2-1/2"]
[WhiteElo "2178"]
[BlackElo "2223"]
[PlyCount "38"]
[EventDate "2019.11.01"]
[WhiteTeam "SK Mladost Nova Pazova"]
[BlackTeam "SK Krajina Krajisnik"]

1. d4 Nf6 2. c4 e6 3. Nf3 b6 4. Nc3 Bb4 5. Bg5 h6 6. Bd2 Bb7 7. e3 c5 8. Be2
Bxc3 9. Bxc3 Ne4 10. Rc1 Nxc3 11. Rxc3 Qe7 12. O-O O-O 13. a3 cxd4 14. Nxd4 d5
15. cxd5 Bxd5 16. Qc2 Qf6 17. Rd1 Nd7 18. e4 Bb7 19. Nb5 Nc5 1/2-1/2

[Event "DRUGA LIGA SRBIJE-GRUPA VOJVODINA-2019."]
[Site "Kovacica"]
[Date "2019.11.06"]
[Round "8.3"]
[White "Brajic, Djordje"]
[Black "Gavric, Zivojin"]
[Result "1/2-1/2"]
[WhiteElo "2206"]
[BlackElo "2108"]
[PlyCount "50"]
[EventDate "2019.11.01"]
[WhiteTeam "SK Krajina Krajisnik"]
[BlackTeam "SK Mladost Nova Pazova"]

1. e4 c6 2. d4 d5 3. Nd2 dxe4 4. Nxe4 Nf6 5. Ng3 g6 6. Nf3 Bg4 7. c3 Bg7 8. Qb3
Qb6 9. Ne5 Be6 10. Bc4 Bxc4 11. Nxc4 Qa6 12. O-O O-O 13. Re1 e6 14. Nd6 b6 15.
Bg5 Nbd7 16. Nge4 Qa5 17. f4 h6 18. Nxf6+ Nxf6 19. Bh4 Qh5 20. Bxf6 Bxf6 21.
Re3 Qd5 22. Ne4 Bg7 23. Rae1 Rfd8 24. Qxd5 cxd5 25. Nd2 h5 1/2-1/2